000 00393nam a2200145 a 4500
001 000033145
005 20200930070046.0
008 110818s1930 dr 000 0 spa d
040 _aDO-SdBNP
_bspa
_cBNPHU
082 _axxx
_bC794r
100 1 _aCordero González, Adriano
_958805
245 1 0 _aRelieves.
260 _aLa Vega :
_bTipografĂ­a El Progreso,
_c[1930].
300 _a111 p. ;
_c23 cm.
999 _c32636
_d32636